000 01183cam a22003374a 4500
001 12544460
003 SISC
005 20160212104335.0
008 010925s2002 nyua c b 001 0 eng
010 _a 2001005797
020 _a9780823935499
040 _aDLC
_cDLC
_dDLC
042 _apcc
_alcac
050 0 0 _aQP 84.4
_b.F38 2002
082 0 0 _aHS 612.6
_b.F27 2002
100 1 _aFavor, Lesli J.
_912545
245 1 0 _aEverything you need to know about :
_cLesli J. Favor.
_bgrowth spurts and delayed growth /
246 3 _aGrowth spurts and delayed growth.
250 _a1st ed.
260 _aNew York :
_bThe Rose Publishing Group,
_cc2002.
300 _a64 p. :
_bill. ;
_c24 cm.
440 0 _aNeed to know library
_912546
500 _aIncludes index.
520 _aOutlines routine physical and emotional changes that are typical of any period of adolescence for both male and female children.
562 _e1
650 0 _aPuberty
_vJuvenile literature.
_912547
906 _a7
_bcbc
_corignew
_d1
_eecip
_f20
_gy-gencatlg
942 _2lcc
_cBK
999 _c9136
_d9136